Statistics for 10 Scrambled Countries - #4

Click here to take the quiz!

General Stats

  • This quiz has been taken 38 times
  • The average score is 8 of 10

Answer Stats

Scrambled CountriesAnswer% Correct
cimaajaJamaica
100%
uzeenvaelVenezuela
94%
iogeragGeorgia
91%
cellsyehesSeychelles
88%
iibkirtaKiribati
85%
aomoclbiColombia
79%
lthindaaThailand
76%
inwteisaEswatini
62%
perdvceeaCape Verde
56%
teomrlseitTimor Leste
44%

Score Distribution

Percentile by Number Answered

Percent of People with Each Score

Your Score History

You have not taken this quiz